đź“–đź’¬Paroles"Le Rat de ville et le Rat des champs"la Fontaine - Statistiques

Statistiques générales
  • Ce quiz a Ă©tĂ© pris 90 fois
  • Le rĂ©sultat moyen est 79 sur 147
Statistiques - réponses
Mots % Correct
C'
100%
champs,
100%
D'
100%
d'
100%
de
100%
De
100%
des
100%
A
98%
Ă 
98%
Rat
98%
ville
98%
le
96%
Le
96%
n'
88%
Ce
86%
ces
84%
est
84%
Et
84%
la
84%
qu'
84%
au
82%
Que
82%
que
82%
pas
80%
se
80%
Je
78%
je
78%
un
78%
Son
73%
une
71%
en
67%
Mais
67%
me
65%
on
65%
du
63%
ne
63%
vous
63%
fi
61%
ils
61%
Ils
61%
Sur
61%
moi :
55%
tout
55%
tous
53%
Invita
47%
peut
47%
vos
47%
dit
45%
vie
45%
donc,
41%
mange
37%
Rien
37%
rien
37%
fort
35%
chez
33%
quelqu'
31%
amis.
29%
façon
29%
campagne
27%
Ortolans.
27%
reliefs
27%
Tapis
27%
Turquie
27%
civile,
24%
dire,
24%
festin ;
24%
fut
24%
mis.
24%
couvert
22%
deux
22%
plaisir
22%
Roi.
22%
trouva
22%
Autrefois
20%
bruit.
20%
bruit
20%
étaient
20%
notre
20%
suit.
18%
vient
18%
firent
16%
viendrez
16%
camarade
14%
corrompre.
14%
entendirent
14%
laisse
14%
porte
14%
assez,
12%
crainte
12%
Demain
12%
fĂŞte
12%
manquait
12%
Pendant
12%
pique
12%
train.
12%
Adieu
10%
cesse,
10%
Citadin
10%
détale,
10%
festins
10%
interrompre ;
10%
loisir.
10%
penser
10%
régal
10%
retire,
10%
troubla
10%
honnĂŞte :
8%
Rustique ;
8%
salle
8%
Achevons
6%
aussitĂ´t :
6%
rĂ´t.
6%
Aucun quiz correspondant
Distribution des résultats
% des personnes avec chaque résultat
Percentile par nombre de réponses
Votre historique - résultats
Vous n’avez pas pris ce quiz